|
|
|
|
| LEADER |
01450nam a2200397 a 4500 |
| 001 |
nkc20081834513 |
| 003 |
CZ PrNK |
| 005 |
20161108235009.0 |
| 007 |
ta |
| 008 |
081208s2008 xr a b 000 p cze |
| 015 |
|
|
|a cnb001834513
|
| 020 |
|
|
|a 978-80-7017-093-9
|q (váz.)
|
| 035 |
|
|
|a (OCoLC)316302156
|
| 040 |
|
|
|a BOA001
|b cze
|d ABA001
|
| 072 |
|
7 |
|a 821.162.3-1
|x Česká poezie
|2 Konspekt
|9 25
|
| 072 |
|
7 |
|a 821-93
|x Literatura pro děti a mládež (beletrie)
|2 Konspekt
|9 26
|
| 080 |
|
|
|a 821-93
|2 MRF
|
| 080 |
|
|
|a 821.162.3-1
|2 MRF
|
| 080 |
|
|
|a (0:82-1)
|2 MRF
|
| 100 |
1 |
|
|a Kafka, Tomáš,
|d 1965-
|7 jn19990209334
|4 aut
|
| 245 |
1 |
0 |
|a Jak se mámí myš /
|c napsal Tomáš Kafka ; ilustrovala Xénia Hoffmeisterová
|
| 250 |
|
|
|a 1. vyd.
|
| 260 |
|
|
|a Praha :
|b Kalich,
|c 2008
|
| 300 |
|
|
|a [48] s. :
|b il. (některé barev.) ;
|c 29 cm
|
| 500 |
|
|
|a Rozložená tit. s.
|
| 655 |
|
7 |
|a česká poezie
|7 fd133958
|2 czenas
|
| 655 |
|
7 |
|a publikace pro děti
|7 fd133156
|2 czenas
|
| 655 |
|
9 |
|a Czech poetry
|2 eczenas
|
| 655 |
|
9 |
|a children's literature
|2 eczenas
|
| 700 |
1 |
|
|a Hoffmeisterová, Xénia,
|d 1958-
|7 jn20000400980
|4 ill
|
| 856 |
4 |
1 |
|u http://www.digitalniknihovna.cz/mzk/uuid/uuid:edaa8a20-95fd-11e6-baa5-005056827e51
|y Digitalizovaný dokument
|x NDK
|
| 910 |
2 |
|
|a BOA001
|b 3-1215.981
|
| 990 |
|
|
|a BK
|
| 995 |
|
|
|a 01
|
| 991 |
|
|
|b 200901
|
| 996 |
6 |
|
|b 2610362556
|c 3-1215.981
|l MZK
|r Sklad / do 1 hodiny
|n 4
|p p.v.
|w 000924835
|u 000010
|a 1
|e BOA001
|j MZK50
|s P
|